[Event "Teteven op 24th"]
[Site "Teteven"]
[Date "2009.08.15"]
[Round "1"]
[White "Janchev, Petar"]
[Black "Atanasov, Margarit"]
[Result "1-0"]
[WhiteElo "2224"]
[BlackElo "1650"]
[PlyCount "127"]
[EventDate "2009.08.15"]
[EventType "swiss"]
[EventRounds "9"]
[EventCountry "BUL"]
[SourceTitle "CBM 131 Extra"]
[Source "ChessBase"]
[SourceDate "2009.09.03"]
[SourceVersion "2"]
[SourceVersionDate "2009.09.16"]
[SourceQuality "1"]

1. d4 d5 2. Nf3 Nf6 3. c4 c6 4. Nc3 e6 5. cxd5 exd5 6. Bg5 Be7 7. Qc2 0-0 8. e3 Nbd7 9. Bd3 Re8 10. 0-0 h6 11. Bf4 Nh5 12. Nxd5 Nxf4 13. Nxf4 Bd6 14. Ne2 Nb6 15. h3 Nd5 16. a3 Qf6 17. e4 Nf4 18. Nxf4 Qxf4 19. e5 Bc7 20. Rfe1 h5 21. Qc1 Qxc1 22. Raxc1 Bb6 23. Bc4 Be6 24. Bxe6 fxe6 25. Re4 Kh7 26. g4 hxg4 27. Rxg4 Rad8 28. Kh2 Rd7 29. Ng5+ Kh8 30. Rc4 Bd8 31. h4 Bxg5 32. hxg5 g6 33. Rf4 Kg7 34. Kg3 Rh8 35. Rf6 Re7 36. Rc1 Ree8 37. b4 a6 38. a4 Re7 39. b5 axb5 40. axb5 cxb5 41. Rb1 Rd8 42. Rxb5 Rxd4 43. Rb6 Rc4 44. Rbxe6 Rxe6 45. Rxe6 Rb4 46. Kf3 b5 47. Rb6 Kf7 48. Rf6+ Kg7 49. e6 Rc4 50. Rf7+ Kg8 51. Rb7 Kf8 52. Ke3 Rc6 53. Rf7+ Kg8 54. Rf6 Kg7 55. Kd4 b4 56. Rf7+ Kg8 57. Ke5 Rb6 58. Rd7 Kf8 59. Kf6 Ke8 60. Rh7 Kd8 61. Rh8+ Kc7 62. Kf7 b3 63. e7 b2 64. Rh1 1-0